Mountain Ranges of China Quiz Stats

 Plays Quiz not verified by Sporcle

Score 0/28 Timer 05:00
0 Plays Today
% Correct
Tianshan
88.2%
Kunlun
82.4%
Himalayas
70.6%
Qinling
58.8%
Wu
58.8%
Altai
52.9%
Southern Ranges
47.1%
Taihang
47.1%
Wuyi
47.1%
Yan
47.1%
Mount Tai
47.1%
Changbai
41.2%
Dabie
41.2%
Bayan Har
35.3%
% Correct
Hengduan
35.3%
Yinshan
35.3%
Helan
35.3%
Qilian
35.3%
Great Khingan
35.3%
Lesser Khingan
35.3%
Daba
29.4%
Taiwan Ranges
29.4%
Dangla
23.5%
Qara Kunlun
23.5%
Altun
23.5%
Gangdise
17.6%
Xuefeng
17.6%
Wuzhi
17.6%

You're not logged in!

Compare scores with friends on all Sporcle quizzes.
OR
Log In

Sporcle TV

Today on Sporcle TV


Watch our educational content, quiz creation guides, and fun videos on Sporcle TV.

Show Comments

Extras

Created Sep 18, 2017ReportNominate
Tags:map, mountains

Top Quizzes Today


Score Distribution

Your Account Isn't Verified!

In order to create a playlist on Sporcle, you need to verify the email address you used during registration. Go to your Sporcle Settings to finish the process.

Report this User

Report this user for behavior that violates our Community Guidelines.

Details: